| 000 | 00411nam a22001457a 4500 | ||
|---|---|---|---|
| 999 |
_c7886 _d7886 |
||
| 003 | OSt | ||
| 005 | 20190319113328.0 | ||
| 008 | 190319b ||||| |||| 00| 0 eng d | ||
| 040 | _cDLC | ||
| 082 | _a230 | ||
| 245 |
_aChristian Mind Series: _b"Minorities and the mainstream"- Part V |
||
| 260 |
_aNew Delhi: _bTheological research and communication Institute _cc. 1998 |
||
| 300 |
_a30 p.; _c20 cm |
||
| 942 |
_2ddc _cBK |
||